Richmond Hill...particulars and conditions of sale of the greatly celebrated and important freehold property known as the Star and Garter Hotel...at The Mart, Tokenhouse Yard, E.C. on Tuesday 25 June 1907... (Record no. 116349)

MARC details
000 -LEADER
fixed length control field 00799cam a22002055a 4500
001 - CONTROL NUMBER
control field L140550
008 - FIXED-LENGTH DATA ELEMENTS--GENERAL INFORMATION
fixed length control field 070927s1907 xxk eng u
035 ## - SYSTEM CONTROL NUMBER
System control number (Sirsi) u140550
041 0# - LANGUAGE CODE
Language code of text/sound track or separate title eng
110 2# - MAIN ENTRY--CORPORATE NAME
Corporate name or jurisdiction name as entry element Chancellor and Sons
245 00 - TITLE STATEMENT
Title Richmond Hill...particulars and conditions of sale of the greatly celebrated and important freehold property known as the Star and Garter Hotel...at The Mart, Tokenhouse Yard, E.C. on Tuesday 25 June 1907...
250 ## - EDITION STATEMENT
Edition statement 2nd ed.
260 ## - PUBLICATION, DISTRIBUTION, ETC.
Place of publication, distribution, etc. London
Name of publisher, distributor, etc. Chancellor and Sons
Date of publication, distribution, etc. 1907
300 ## - PHYSICAL DESCRIPTION
Extent 6 leaves
Other physical details ill., map, col.
Dimensions 41 cm.
351 ## - ORGANIZATION AND ARRANGEMENT OF MATERIALS
Hierarchical level Single item
500 ## - GENERAL NOTE
General note Includes a fold-out colour site map and photographs.
651 4# - SUBJECT ADDED ENTRY--GEOGRAPHIC NAME
Geographic name Surrey
690 ## - LOCAL SUBJECT ADDED ENTRY--TOPICAL TERM (OCLC, RLIN)
Topical term or geographic name as entry element PROPERTY-PROPERTY ACQUISITION AND DISPOSAL-ACQUISITION AND DISPOSAL AT AUCTION
942 ## - ADDED ENTRY ELEMENTS (KOHA)
Suppress in OPAC 0
Holdings
Withdrawn status Lost status Source of classification or shelving scheme Damaged status Not for loan Home library Current library Shelving location Date acquired Total Checkouts Full call number Barcode Date last seen Copy number Price effective from Koha item type
    Dewey Decimal Classification     Historic collection Historic collection Historic collection 27/09/2007   MAP CABINET DRAWER 6 140550-2001 06/08/2019 1 06/08/2019 Archive